AS Business Studies. (Record no. 1758)

MARC details
005 - DATE AND TIME OF LATEST TRANSACTION
control field 20250429095926.0
020 ## - INTERNATIONAL STANDARD BOOK NUMBER
International Standard Book Number 0 340 88541 6
082 ## - DEWEY DECIMAL CLASSIFICATION NUMBER
Classification number 658 SUR
100 ## - MAIN ENTRY--PERSONAL NAME
Author name SURRIDGE, M.
245 ## - TITLE STATEMENT
Title AS Business Studies.
250 ## - EDITION STATEMENT
Edition statement 2nd Ed.
260 ## - PUBLICATION, DISTRIBUTION, ETC.
Place of publication, distribution, etc. London,
Name of publisher, distributor, etc. Hodder & Stoughton,
Date of publication, distribution, etc. 2004.
300 ## - PHYSICAL DESCRIPTION
Extent vi, 348p.: ill.; figure, picture, table
Other physical details Index
Dimensions 27cm
700 ## - ADDED ENTRY--PERSONAL NAME
Other authors/Editors GILLESPIE, A.
942 ## - ADDED ENTRY ELEMENTS (KOHA)
Source of classification or shelving scheme Dewey Decimal Classification
Koha item type Books
Holdings
Date last seen Total checkouts Full call number Barcode Cost, replacement price Price effective from Koha item type Lost status Source of classification or shelving scheme Damaged status Not for loan Withdrawn status Home library Current library Shelving location Date acquired Cost, normal purchase price
04/29/2025   658 SUR 0000006778 75000.00 04/29/2025 Books   Dewey Decimal Classification       College of Business Education Main Library College of Business Education Main Library General Collection 11/01/2006 25000.00
04/29/2025   658 SUR 0000006779 75000.00 04/29/2025 Books   Dewey Decimal Classification       College of Business Education Main Library College of Business Education Main Library General Collection 11/01/2006 25000.00
04/29/2025   658 SUR 0000006780 75000.00 04/29/2025 Books   Dewey Decimal Classification       College of Business Education Main Library College of Business Education Main Library General Collection 11/01/2006 25000.00
04/29/2025   658 SUR 0000006781 75000.00 04/29/2025 Books   Dewey Decimal Classification       College of Business Education Main Library College of Business Education Main Library General Collection 11/01/2006 25000.00
06/14/2025   658 SUR 00000011154 75000.00 06/14/2025 Books   Dewey Decimal Classification       College of Business Education Main Library College of Business Education Main Library General Collection 11/01/2006 25000.00